Central Library OPAC University of Rajshahi

The politicized economy / (Record no. 57838)

MARC details
000 -LEADER
fixed length control field 00795nam a2200253 a 4500
001 - CONTROL NUMBER
control field 57838
003 - CONTROL NUMBER IDENTIFIER
rucl marc code BD-RjUL
005 - DATE AND TIME OF LATEST TRANSACTION
control field 20211209080546.0
008 - FIXED-LENGTH DATA ELEMENTS--GENERAL INFORMATION
fixed length control field 161212s1976 mau b 001 0 eng
020 ## - INTERNATIONAL STANDARD BOOK NUMBER
International Standard Book Number 0669971626
035 ## - SYSTEM CONTROL NUMBER
System control number (BD-RjUL)57962
040 ## - CATALOGING SOURCE
Original cataloging agency DLC
Transcribing agency DLC
Modifying agency DLC
Language of cataloging eng
041 ## - LANGUAGE CODE
Language code of text/sound track or separate title eng
082 00 - DEWEY DECIMAL CLASSIFICATION NUMBER
Classification number 330.973092
Edition number 23
Author mark and year BEP 1976
100 1# - MAIN ENTRY--PERSONAL NAME
Personal name Best, Michael H.
9 (RLIN) 171793
245 14 - TITLE STATEMENT
Title The politicized economy /
Statement of responsibility, etc. Michael H. Best, William E. Connolly.
260 ## - PUBLICATION, DISTRIBUTION, ETC. (IMPRINT)
Place of publication, distribution, etc. Lexington, Mass. :
Name of publisher, distributor, etc. Heath,
Date of publication, distribution, etc. c1976.
300 ## - PHYSICAL DESCRIPTION
Pagination xv, 191 p. :
Illustrations ill ;
Size 21 cm.
504 ## - BIBLIOGRAPHY, ETC. NOTE
Bibliography, etc Includes bibliographical references and index.
651 #0 - SUBJECT ADDED ENTRY--GEOGRAPHIC NAME
Geographic name United States
General subdivision Economic conditions
Chronological subdivision 1971-1981.
9 (RLIN) 171794
700 1# - ADDED ENTRY--PERSONAL NAME
Personal name Connolly, William E.,
Relator term joint author.
942 ## - ADDED ENTRY ELEMENTS (KOHA)
Source of classification or shelving scheme Dewey Decimal Classification
Koha item type Books
Holdings
Lost status Source of classification or shelving scheme Damaged status Not for loan Collection code Permanent Location Current Location Shelving location Date acquired Total Checkouts Full call number Date last seen Copy number Koha item type
  Dewey Decimal Classification   Not For Loan Non-fiction Central Library, University of Rajshahi Central Library, University of Rajshahi Reading Room 21/07/1987   330.973092 BEP 1976 12/12/2016 C-1 Books